[Event "XIV American Continental"]
[Site "Sao Paulo BRA"]
[Date "2019.07.11"]
[Round "9.57"]
[White "Piccoli, Lucas Fonseca"]
[Black "Freitas Capiberibe, Andre Antoni"]
[Result "1/2-1/2"]
[WhiteElo "2116"]
[BlackElo "2024"]
[EventDate "2019.07.05"]
[PlyCount "113"]
[EventRounds "11"]
[EventCountry "BRA"]

1.c4 g6 2.Nf3 Bg7 3.g3 f5 4.d4 Nf6 5.Bg2 O-O 6.O-O d6 7.Nc3 Qe8 8.d5 Na6 
9.Rb1 Nc5 10.Be3 Nfe4 11.Nb5 Qd8 12.Qc2 e5 13.dxe6 Nxe6 14.b4 a5 15.a3 
axb4 16.axb4 Qe7 17.Rfc1 Bd7 18.Nbd4 Ra3 19.Nb5 Ra6 20.Nfd4 Nxd4 21.Bxd4 
Bxd4 22.Nxd4 Rfa8 23.c5 d5 24.Qd3 Ra3 25.Nb3 Qe5 26.Bxe4 fxe4 27.Qd4 Qxd4 
28.Nxd4 Ra2 29.Rc2 Bh3 30.e3 Kf8 31.Rxa2 Rxa2 32.Nb5 c6 33.Nd6 Ra7 34.Re1 
Ke7 35.Rd1 Kf6 36.Rc1 Kg5 37.b5 cxb5 38.Nxb5 Ra2 39.Rd1 Kg4 40.Nd4 Rb2 41.
Rc1 Ra2 42.Ne6 g5 43.Nd4 Rb2 44.Rd1 h5 45.Rc1 Ra2 46.Ne6 Kf3 47.Nd4+ Kg4 
48.Re1 Rb2 49.Ra1 Rd2 50.Rb1 Ra2 51.Nb3 Kf3 52.Re1 Rb2 53.Nd4+ Kg4 54.Rc1 
Ra2 55.c6 bxc6 56.Nxc6 Rd2 57.Re1 1/2-1/2

[Event "XIV American Continental"]
[Site "Sao Paulo BRA"]
[Date "2019.07.11"]
[Round "9.58"]
[White "Guerreiro, Alexandre Vieira"]
[Black "Borges, Wagner da Silva"]
[Result "1-0"]
[WhiteElo "2016"]
[BlackElo "2114"]
[EventDate "2019.07.05"]
[PlyCount "69"]
[EventRounds "11"]
[EventCountry "BRA"]

1.d4 Nf6 2.c4 g6 3.g3 Bg7 4.Bg2 d5 5.cxd5 Nxd5 6.Nf3 O-O 7.O-O Nd7 8.e4 
N5b6 9.Nc3 c5 10.d5 Nc4 11.Qe2 Nce5 12.Nxe5 Nxe5 13.h3 c4 14.f4 Nd3 15.e5 
f6 16.exf6 Bxf6 17.Kh2 Rb8 18.Ne4 Bg7 19.Nf2 Nxc1 20.Raxc1 b5 21.b3 Rb6 
22.Rfe1 cxb3 23.axb3 e6 24.Red1 Qe7 25.Ng4 Kh8 26.Ne5 Rd6 27.Qxb5 exd5 28.
Rxd5 Rxd5 29.Qxd5 Be6 30.Qe4 Qa3 31.Rc7 Bxb3 32.Qb7 Rg8 33.Rc3 Bxe5 34.
fxe5 Bd5 35.Rxa3 1-0

[Event "XIV American Continental"]
[Site "Sao Paulo BRA"]
[Date "2019.07.11"]
[Round "9.60"]
[White "Carvalho Junior, Celestino"]
[Black "Maia, Marco Aurelio Ferreira"]
[Result "1/2-1/2"]
[WhiteElo "1954"]
[BlackElo "2108"]
[EventDate "2019.07.05"]
[PlyCount "42"]
[EventRounds "11"]
[EventCountry "BRA"]

1.Nf3 d5 2.g3 Nf6 3.Bg2 c6 4.d3 h6 5.O-O Bf5 6.Nbd2 e6 7.b3 Be7 8.Bb2 O-O 
9.c4 Nbd7 10.Re1 Bh7 11.Rc1 a5 12.a3 Qb6 13.h3 Rfd8 14.d4 Ne4 15.Nxe4 Bxe4
16.c5 Qc7 17.e3 Bf6 18.Bf1 b6 19.cxb6 Qxb6 20.Nd2 Bg6 21.f4 Qa7 1/2-1/2

[Event "XIV American Continental"]
[Site "Sao Paulo BRA"]
[Date "2019.07.11"]
[Round "9.62"]
[White "Labussiere, Yago"]
[Black "Zimmermann, Kleber Renato Pereira"]
[Result "1/2-1/2"]
[WhiteElo "2101"]
[BlackElo "1950"]
[EventDate "2019.07.05"]
[PlyCount "95"]
[EventRounds "11"]
[EventCountry "BRA"]

1.d4 Nf6 2.c4 c5 3.Nf3 g6 4.Nc3 Bg7 5.d5 d6 6.e4 O-O 7.Bd3 a6 8.a4 e6 9.h3
exd5 10.exd5 Re8+ 11.Be3 Bh6 12.O-O Bxe3 13.fxe3 Qe7 14.e4 Nbd7 15.Qd2 Ne5
16.Nxe5 Qxe5 17.Rf2 Nd7 18.Raf1 Re7 19.Kh1 b6 20.Nd1 Qg7 21.Ne3 Ne5 22.Be2
Re8 23.Rf6 Qf8 24.b4 cxb4 25.Qxb4 Qh6 26.Qd2 Rd8 27.Qd4 Rb8 28.Kg1 Qf8 29.
Nc2 Bd7 30.Nb4 a5 31.Nd3 Nxd3 32.Bxd3 Be8 33.Rb1 Qe7 34.Rf2 Bxa4 35.Rxb6 
Be8 36.Rfb2 Qc7 37.Kf2 a4 38.Rxb8 Rxb8 39.Rxb8 Qxb8 40.Qc3 Qb6+ 41.Ke2 Qc5
42.e5 dxe5 43.Qxe5 Bd7 44.Qb8+ Kg7 45.Qb2+ Kg8 46.Qb8+ Kg7 47.Qb2+ Kg8 48.
Qb8+ 1/2-1/2

[Event "XIV American Continental"]
[Site "Sao Paulo BRA"]
[Date "2019.07.11"]
[Round "9.64"]
[White "Gasic Merino, Franco"]
[Black "Cabral, Denrick"]
[Result "1-0"]
[WhiteElo "2226"]
[BlackElo "1863"]
[EventDate "2019.07.05"]
[PlyCount "107"]
[EventRounds "11"]
[EventCountry "BRA"]

1.d4 Nf6 2.g3 g6 3.Bg2 d5 4.c4 dxc4 5.Qa4+ Nfd7 6.Nf3 Bg7 7.Qxc4 O-O 8.O-O
Nc6 9.e3 e5 10.dxe5 Ndxe5 11.Nxe5 Nxe5 12.Qc2 Qd3 13.Qxd3 Nxd3 14.Nc3 Be6 
15.Nd5 Be5 16.f4 Bxd5 17.Bxd5 Bg7 18.Bxb7 Rab8 19.Bd5 Rfd8 20.Bb3 Nxb2 21.
Rb1 Na4 22.Ba3 Nc3 23.Rbe1 Rd2 24.Rf2 Rbd8 25.Bc1 Rxf2 26.Kxf2 Bf8 27.Kf3 
Bb4 28.Rf1 Kf8 29.g4 f6 30.h4 Nb1 31.Rd1 Rxd1 32.Bxd1 Ke7 33.Bc2 Na3 34.
Ba4 Nc4 35.Ke2 a5 36.h5 gxh5 37.gxh5 h6 38.e4 Nb6 39.Bc2 Nd7 40.f5 Ne5 41.
Bxh6 c5 42.Bc1 c4 43.a3 Bc5 44.a4 Bb4 45.Bd2 Kf7 46.Bxb4 axb4 47.a5 b3 48.
Bd1 Nc6 49.a6 Na7 50.Kd2 Nb5 51.Kc1 Na7 52.Be2 Kg7 53.Bxc4 Kh6 54.Be2 1-0

[Event "XIV American Continental"]
[Site "Sao Paulo BRA"]
[Date "2019.07.11"]
[Round "9.65"]
[White "Ikejiri, Daniel Yoshito"]
[Black "Bouwman, Marcelo Wanderley"]
[Result "1-0"]
[WhiteElo "2004"]
[BlackElo "2234"]
[EventDate "2019.07.05"]
[PlyCount "109"]
[EventRounds "11"]
[EventCountry "BRA"]

1.e4 e6 2.d4 d5 3.Nd2 Nf6 4.e5 Nfd7 5.Bd3 c5 6.c3 Nc6 7.Ne2 cxd4 8.cxd4 f6
9.exf6 Nxf6 10.Nf3 Bd6 11.O-O Qc7 12.Bg5 O-O 13.Bh4 Nh5 14.Qc2 h6 15.Bh7+ 
Kh8 16.Bg6 Rxf3 17.Bxh5 Rf8 18.Bg3 Bd7 19.Qd2 Rf6 20.Rac1 Raf8 21.b4 Bxg3 
22.hxg3 Qb6 23.a3 a5 24.bxa5 Nxa5 25.Rb1 Qa6 26.Qb4 Kg8 27.Nf4 Be8 28.Bg4 
Bf7 29.Rfe1 Re8 30.Be2 Qa7 31.Bb5 Rf8 32.Bd7 Nc6 33.Bxc6 bxc6 34.Rb3 g5 
35.Nd3 Bg6 36.Ne5 Bc2 37.Rf3 Ba4 38.Rxf6 Rxf6 39.Ng4 Rg6 40.Qb1 Kg7 41.Qb4
Kg8 42.Rb1 Bb5 43.a4 Qxa4 44.Qc5 h5 45.Ne5 Rg7 46.Re1 g4 47.Qd6 Qxd4 48.
Qxe6+ Kh7 49.Qf5+ Kg8 50.Nd7 Be2 51.Qe6+ Kh8 52.Qxe2 Rf7 53.Ne5 Rc7 54.
Ng6+ Kg7 55.Nf4 1-0

[Event "XIV American Continental"]
[Site "Sao Paulo BRA"]
[Date "2019.07.11"]
[Round "9.66"]
[White "Abrantes, Tiago Garrido"]
[Black "Dos Reis, Leandro Aparecido C."]
[Result "1/2-1/2"]
[WhiteElo "2177"]
[BlackElo "1990"]
[EventDate "2019.07.05"]
[PlyCount "137"]
[EventRounds "11"]
[EventCountry "BRA"]

1.d4 Nf6 2.c4 g6 3.g3 Bg7 4.Bg2 d5 5.cxd5 Nxd5 6.e4 Nb6 7.Ne2 c5 8.d5 O-O 
9.O-O e6 10.Nbc3 exd5 11.exd5 Bg4 12.h3 Bf5 13.a4 Na6 14.a5 Nc4 15.Qb3 Nd6
16.Be3 Re8 17.Rfc1 Rxe3 18.fxe3 Qg5 19.Nd1 c4 20.Rxc4 Nxc4 21.Qxc4 Rc8 22.
Qf4 Qxf4 23.gxf4 Bd3 24.Nec3 f5 25.Bf1 Nb4 26.Ra4 Bxf1 27.Rxb4 Ba6 28.Ra4 
Kf7 29.Kf2 Ke7 30.Ra3 Rc4 31.Ra4 Rxa4 32.Nxa4 Kd6 33.Nac3 Bc4 34.b4 Bf6 
35.e4 Bd4+ 36.Kf3 fxe4+ 37.Kxe4 Bf6 38.Ne3 Bf1 39.Na4 Bxh3 40.Nc4+ Ke7 41.
d6+ Kd8 42.Ne5 Bf5+ 43.Kf3 h5 44.Nc5 Kc8 45.a6 bxa6 46.Nc6 h4 47.Nxa7+ Kb8
48.Nc6+ Kc8 49.Ne7+ Kd8 50.Nxf5 gxf5 51.Nxa6 Kd7 52.Nc7 Bd8 53.Nb5 Bf6 54.
Na3 Kxd6 55.Nc4+ Kc6 56.Ne3 Kb5 57.Nxf5 Kxb4 58.Kg4 Kc5 59.Nxh4 Kd5 60.Nf3
Ke6 61.Ng5+ Ke7 62.Kh5 Bb2 63.Kg6 Bc1 64.f5 Bxg5 65.Kxg5 Kf7 66.f6 Kf8 67.
Kg6 Kg8 68.f7+ Kf8 69.Kf6 1/2-1/2

[Event "XIV American Continental"]
[Site "Sao Paulo BRA"]
[Date "2019.07.11"]
[Round "9.67"]
[White "Hirota da Silva, Nilton"]
[Black "Madeira, Wagner Martins"]
[Result "1-0"]
[WhiteElo "1881"]
[BlackElo "2150"]
[EventDate "2019.07.05"]
[PlyCount "109"]
[EventRounds "11"]
[EventCountry "BRA"]

1.d4 Nf6 2.Nc3 g6 3.e4 d6 4.Nf3 Bg7 5.Bg5 h6 6.Be3 c6 7.Qd2 b5 8.Bd3 Nbd7 
9.e5 b4 10.exf6 bxc3 11.Qxc3 Nxf6 12.Qxc6+ Bd7 13.Qc3 Nd5 14.Qd2 Rb8 15.b3
Nxe3 16.fxe3 O-O 17.O-O Qc7 18.Rad1 a5 19.Bc4 a4 20.e4 e6 21.Kh1 Rfd8 22.
Qe2 Be8 23.e5 Rb6 24.Rfe1 Bf8 25.d5 exd5 26.Bxd5 dxe5 27.Nxe5 Bg7 28.Nf3 
Bc3 29.Rf1 Rbd6 30.Bc4 Rxd1 31.Rxd1 Rxd1+ 32.Qxd1 Kg7 33.Qd3 Bf6 34.Bd5 
Qf4 35.g3 Qc1+ 36.Kg2 Qb2 37.bxa4 Bxa4 38.Bb3 Bc6 39.Qc4 Be8 40.a4 Qc3 41.
Qxc3 Bxc3 42.Kf2 Kf6 43.g4 Bd7 44.h3 Ke7 45.Kg3 f5 46.gxf5 gxf5 47.Kf4 Kf6
48.h4 Bc6 49.Ke3 Kg6 50.Kf4 Kf6 51.Ke3 Bb2 52.c4 Kg6 53.Bc2 Bc1+ 54.Kf2 
Ba3 55.Ne5+ 1-0

[Event "XIV American Continental"]
[Site "Sao Paulo BRA"]
[Date "2019.07.11"]
[Round "9.68"]
[White "Januario, Severino Pereira"]
[Black "Cella, Glaucio Dalla Cortt"]
[Result "1-0"]
[WhiteElo "2112"]
[BlackElo "1962"]
[EventDate "2019.07.05"]
[PlyCount "103"]
[EventRounds "11"]
[EventCountry "BRA"]

1.d4 Nf6 2.Nf3 g6 3.g3 Bg7 4.Bg2 O-O 5.O-O d6 6.c4 c5 7.Nc3 cxd4 8.Nxd4 a6
9.b3 Qc7 10.Bb2 e6 11.Qd2 Nc6 12.Nc2 Rd8 13.Ne3 Rb8 14.Rac1 b6 15.Ncd5 
exd5 16.cxd5 Bd7 17.dxc6 Be6 18.Bxf6 Bxf6 19.Nd5 Bxd5 20.Bxd5 Rbc8 21.h4 
h5 22.Qd3 Kg7 23.Qxa6 Ra8 24.Qb7 Rdc8 25.Qxc7 Rxc7 26.Rc2 b5 27.Rd1 b4 28.
Be4 Be7 29.Rd5 Rb8 30.Ra5 Bf6 31.Bd5 Bc3 32.a3 Kf6 33.axb4 Bxb4 34.Ra4 Bc5
35.Kg2 Ke5 36.e4 Kf6 37.Rcc4 Ke7 38.b4 Bb6 39.Ra6 f6 40.Rc3 Kd8 41.Rca3 
Bd4 42.Ra8 Rcc8 43.R8a4 Kc7 44.b5 Bc5 45.Rb3 Ra8 46.Ra6 Rxa6 47.bxa6 Bb6 
48.Ra3 Bc5 49.Ra2 Ra8 50.f4 Ba7 51.Bf7 Kxc6 52.Bd5+ 1-0

[Event "XIV American Continental"]
[Site "Sao Paulo BRA"]
[Date "2019.07.11"]
[Round "9.69"]
[White "Bassani, Jaison Jose"]
[Black "Souza, Wellington"]
[Result "0-1"]
[WhiteElo "1973"]
[BlackElo "2097"]
[EventDate "2019.07.05"]
[PlyCount "176"]
[EventRounds "11"]
[EventCountry "BRA"]

1.e4 c5 2.d4 cxd4 3.c3 dxc3 4.Nxc3 e6 5.Nf3 Bb4 6.Qd4 Nc6 7.Qxg7 Qf6 8.
Qxf6 Nxf6 9.Bd3 d5 10.exd5 Nxd5 11.Bd2 Nxc3 12.bxc3 Bd6 13.O-O Bd7 14.Rab1
b6 15.Rfd1 Ne5 16.Nxe5 Bxe5 17.f4 Bd6 18.Be3 Rc8 19.Ba6 Rxc3 20.Rxd6 Rxe3 
21.Rbd1 Ba4 22.R1d4 Ke7 23.Kf2 Rc3 24.Rd2 Rc2 25.Rd7+ Bxd7 26.Rxc2 Kd6 27.
Ke3 Bc6 28.Rd2+ Bd5 29.Rc2 Rg8 30.g3 h5 31.a3 h4 32.Kf2 hxg3+ 33.hxg3 Rh8 
34.Rc3 Rh2+ 35.Ke3 Rg2 36.Kd4 f6 37.Re3 Rd2+ 38.Kc3 Ra2 39.Kd4 Rb2 40.Bc4 
Bxc4 41.Kxc4 a6 42.Rd3+ Ke7 43.Kc3 Rb5 44.Kc4 Rc5+ 45.Kb3 f5 46.Kb2 e5 47.
fxe5 Ke6 48.Rd8 Kxe5 49.Re8+ Kd4 50.Re6 Re5 51.Rg6 Ke4 52.Kc3 Rb5 53.Rf6 
a5 54.Kc4 Rc5+ 55.Kb3 b5 56.Rg6 Kf3 57.Rg5 Re5 58.Kc3 Ke4 59.Rg8 Rc5+ 60.
Kb3 Kf3 61.Rg5 Rd5 62.Kc3 Ke4 63.Rg8 Rd3+ 64.Kb2 a4 65.Re8+ Kf3 66.Rf8 Kg4
67.Rg8+ Kh3 68.Rg5 Rf3 69.Ka2 Rf2+ 70.Kb1 Kg2 71.Ka1 Rf3 72.Kb2 Kf2 73.Ka2
Ke2 74.Kb2 Ke3 75.Rg8 Rf2+ 76.Kb1 Rg2 77.Rf8 Ke4 78.Re8+ Kd5 79.Rf8 Ke6 
80.Re8+ Kd5 81.Rf8 Rf2 82.Rg8 Kc4 83.Rb8 Rg2 84.Rf8 Kb3 85.Kc1 Kxa3 86.
Rxf5 b4 87.Rf3+ b3 88.Re3 Ka2 0-1

[Event "XIV American Continental"]
[Site "Sao Paulo BRA"]
[Date "2019.07.11"]
[Round "9.70"]
[White "De Freitas, Jose Renato Silva"]
[Black "Souza, Rafael Cabral de"]
[Result "0-1"]
[WhiteElo "1873"]
[BlackElo "2094"]
[EventDate "2019.07.05"]
[PlyCount "32"]
[EventRounds "11"]
[EventCountry "BRA"]

1.d4 Nf6 2.c4 a6 3.Nc3 c5 4.d5 b5 5.Qc2 g6 6.e4 d6 7.cxb5 Bg7 8.Nf3 O-O 9.
Rb1 e6 10.dxe6 Bxe6 11.Be2 axb5 12.Bxb5 d5 13.exd5 Nxd5 14.Nxd5 Qxd5 15.
O-O Bf5 16.Bc4 Qd7 0-1

[Event "XIV American Continental"]
[Site "Sao Paulo BRA"]
[Date "2019.07.11"]
[Round "9.71"]
[White "Manzi, Luiz Antonio Bardaro"]
[Black "Gazola, Vanessa Ramos"]
[Result "0-1"]
[WhiteElo "2092"]
[BlackElo "1954"]
[EventDate "2019.07.05"]
[PlyCount "84"]
[EventRounds "11"]
[EventCountry "BRA"]

1.Nf3 d5 2.g3 Bg4 3.Bg2 Nd7 4.d4 e6 5.O-O Ngf6 6.Nbd2 c6 7.c4 Be7 8.b3 O-O
9.Bb2 b5 10.h3 Bh5 11.g4 Bg6 12.Ne5 Nxe5 13.dxe5 Nd7 14.cxb5 cxb5 15.e4 
Nb6 16.Rc1 dxe4 17.Nxe4 Nd5 18.Qd4 Nf4 19.Nf6+ Bxf6 20.Qxf4 Bg5 21.Qd4 
Bxc1 22.Rxc1 Qxd4 23.Bxd4 Rac8 24.Bc5 b4 25.Bf1 Rfd8 26.a3 a5 27.axb4 axb4
28.Kg2 Rd5 29.Be3 Rxc1 30.Bxc1 Rxe5 31.Bd2 Be4+ 32.f3 Bd5 33.Bxb4 Bxb3 34.
Bd2 Rc5 35.Be3 Rc3 36.Bd4 Rc2+ 37.Kg3 Bd5 38.h4 f6 39.g5 e5 40.Bf2 f5 41.
Bh3 Rc3 42.Bg2 Bxf3 0-1

[Event "XIV American Continental"]
[Site "Sao Paulo BRA"]
[Date "2019.07.11"]
[Round "9.72"]
[White "Adasme Fredes, Mauricio"]
[Black "Valim, Luiz Claudio"]
[Result "0-1"]
[WhiteElo "2088"]
[BlackElo "1954"]
[EventDate "2019.07.05"]
[PlyCount "100"]
[EventRounds "11"]
[EventCountry "BRA"]

1.d4 Nf6 2.c4 c5 3.d5 b5 4.cxb5 a6 5.bxa6 g6 6.Nc3 Bxa6 7.e4 d6 8.Be2 Bg7 
9.Nf3 O-O 10.O-O Nbd7 11.h3 Qa5 12.Re1 Rfb8 13.Bd2 Rxb2 14.e5 Ne8 15.Ne4 
Bxe2 16.Rxe2 Qa4 17.Qe1 Nxe5 18.Nxe5 Bxe5 19.Nxc5 Qd4 20.Ne4 Rxd2 21.Rxd2 
Qxa1 22.Rd1 Qxa2 23.Qe3 Qxd5 24.Qf3 Qxd1+ 25.Qxd1 Ra1 26.Qxa1 Bxa1 27.Kf1 
Nf6 28.Ng5 h6 29.Nf3 Bc3 30.Ke2 Nd5 31.g3 e6 32.Kd3 Kf8 33.Nh2 Ke7 34.Nf3 
f5 35.Nh4 Kf6 36.Nf3 g5 37.Ng1 Be5 38.Ne2 f4 39.g4 Bb2 40.Kc2 Ba3 41.Kd3 
Bc5 42.f3 Ke5 43.Nc1 Nb4+ 44.Ke2 Nc6 45.Nd3+ Kd4 46.h4 Kc3 47.hxg5 hxg5 
48.Ne1 Nd4+ 49.Kf1 Nc2 50.Ng2 Ne3+ 0-1

[Event "XIV American Continental"]
[Site "Sao Paulo BRA"]
[Date "2019.07.11"]
[Round "9.73"]
[White "Passos, Rafael Moreira"]
[Black "Araujo, Jose Roberto"]
[Result "1/2-1/2"]
[WhiteElo "1808"]
[BlackElo "2079"]
[EventDate "2019.07.05"]
[PlyCount "62"]
[EventRounds "11"]
[EventCountry "BRA"]

1.d4 Nf6 2.Nf3 d6 3.Bg5 Nbd7 4.Nbd2 h6 5.Bh4 g5 6.Bg3 Bg7 7.h3 c5 8.e3 O-O
9.c3 b6 10.Bd3 Bb7 11.O-O Re8 12.Qc2 e5 13.dxe5 dxe5 14.e4 Nh5 15.Bh2 Nf4 
16.Bc4 Qf6 17.Rfe1 Nf8 18.Bxf4 Qxf4 19.Nf1 Rad8 20.Ng3 Qf6 21.Rad1 Ng6 22.
Nh2 Ne7 23.Ng4 Qc6 24.Qb3 Qg6 25.Ne3 Bc8 26.Ngf5 Nxf5 27.exf5 Bxf5 28.
Bxf7+ Qxf7 29.Qxf7+ Kxf7 30.Nxf5 Bf8 31.g4 c4 1/2-1/2

[Event "XIV American Continental"]
[Site "Sao Paulo BRA"]
[Date "2019.07.11"]
[Round "9.74"]
[White "Takano, Nicholas Ryo"]
[Black "Moccero, Eduardo"]
[Result "1/2-1/2"]
[WhiteElo "2077"]
[BlackElo "1933"]
[EventDate "2019.07.05"]
[PlyCount "70"]
[EventRounds "11"]
[EventCountry "BRA"]

1.e4 Nc6 2.Nf3 g6 3.d4 d6 4.Bd3 Bg7 5.c3 Nf6 6.O-O O-O 7.Be3 e5 8.h3 exd4 
9.cxd4 Nb4 10.Nc3 Nxd3 11.Qxd3 Re8 12.Rfe1 c6 13.Rad1 Be6 14.Bg5 Qc7 15.
Bf4 Rad8 16.b3 a6 17.Rc1 Qa5 18.Ng5 Nh5 19.Nxe6 fxe6 20.Bd2 Qb6 21.Be3 d5 
22.e5 Bf8 23.Na4 Qc7 24.Bd2 Ng7 25.g4 Ba3 26.Rc2 a5 27.Bc1 Bb4 28.Bd2 Ba3 
29.Bg5 Rc8 30.Rd1 Rf8 31.Bc1 Bxc1 32.Rdxc1 Rf4 33.Nc5 Qf7 34.Qd2 Rf8 35.
Rf1 h5 1/2-1/2

[Event "XIV American Continental"]
[Site "Sao Paulo BRA"]
[Date "2019.07.11"]
[Round "9.75"]
[White "Dabraccio, Guillermo"]
[Black "Ermel, Francisco Roberto"]
[Result "0-1"]
[WhiteElo "1611"]
[BlackElo "2064"]
[EventDate "2019.07.05"]
[PlyCount "94"]
[EventRounds "11"]
[EventCountry "BRA"]

1.g3 e5 2.c4 Nf6 3.Bg2 d5 4.cxd5 Nxd5 5.Nc3 Nb6 6.d3 Be7 7.Nf3 Nc6 8.O-O 
O-O 9.e3 Be6 10.d4 exd4 11.Nxd4 Nxd4 12.Qxd4 Qxd4 13.exd4 c6 14.Bf4 Rad8 
15.d5 Nxd5 16.Nxd5 Bxd5 17.Rfd1 Bxg2 18.Kxg2 Rxd1 19.Rxd1 Rd8 20.Rc1 f6 
21.Rc2 Kf7 22.Kf3 Rd5 23.g4 h5 24.h3 Ra5 25.b3 Rd5 26.Be3 a5 27.Kg2 Ke6 
28.f3 Bd6 29.f4 Bb4 30.Bc1 hxg4 31.hxg4 Rd3 32.Re2+ Kd7 33.Be3 b5 34.Kf3 
c5 35.Ke4 Rd6 36.Rc2 Re6+ 37.Kd3 Kc6 38.f5 Re7 39.Bf4 Kd5 40.Rg2 c4+ 41.
bxc4+ bxc4+ 42.Kc2 Ke4 43.Rf2 Rd7 44.Bc1 Rd3 45.Rf4+ Kd5 46.Rf2 Rg3 47.Rf4
Bd6 0-1

[Event "XIV American Continental"]
[Site "Sao Paulo BRA"]
[Date "2019.07.11"]
[Round "9.76"]
[White "Portes Junior, Dirceu Atanazio"]
[Black "Crocitti, Daniel"]
[Result "0-1"]
[WhiteElo "2019"]
[BlackElo "1873"]
[EventDate "2019.07.05"]
[PlyCount "130"]
[EventRounds "11"]
[EventCountry "BRA"]

1.d4 d5 2.c4 c6 3.Nf3 Nf6 4.e3 e6 5.Nbd2 Nbd7 6.Bd3 Bd6 7.O-O O-O 8.e4 
dxe4 9.Nxe4 Nxe4 10.Bxe4 h6 11.b3 e5 12.dxe5 Nxe5 13.Bb2 Qc7 14.Nxe5 Bxe5 
15.Bxe5 Qxe5 16.Re1 Qa5 17.a3 Be6 18.Qf3 Rad8 19.b4 Qg5 20.Bc2 Rd4 21.Re4 
Rfd8 22.Rae1 g6 23.h4 Rxe4 24.Qxe4 Qf6 25.Qe3 Qxh4 26.Bxg6 Qg5 27.Bd3 Qxe3
28.Rxe3 b6 29.Be4 c5 30.Rc3 Rd4 31.Bd3 Kg7 32.g3 Kf6 33.Kg2 h5 34.Kf3 h4 
35.gxh4 Rxh4 36.Ke3 Ke5 37.Bf1 f5 38.Kf3 Re4 39.Bd3 Re1 40.Bc2 Kd4 41.Re3 
Rxe3+ 42.fxe3+ Kc3 43.Bb1 Kb2 44.Bd3 Kxa3 45.bxc5 bxc5 46.Kf4 Kb4 47.Bxf5 
Bxc4 48.e4 a5 49.Ke3 a4 50.Kd2 Kb3 51.e5 a3 52.e6 a2 53.e7 a1=Q 54.e8=Q 
Qc3+ 55.Kd1 Qf3+ 56.Kd2 Qf2+ 57.Kd1 Qxf5 58.Qb8+ Kc3 59.Qh8+ Kb4 60.Qb8+ 
Bb5 61.Kc1 Qf1+ 62.Kc2 Qd3+ 63.Kb2 Qd4+ 64.Kc2 c4 65.Qf8+ Qc5 0-1

[Event "XIV American Continental"]
[Site "Sao Paulo BRA"]
[Date "2019.07.11"]
[Round "9.77"]
[White "Moro, Antonio Renato Pereira"]
[Black "De Freitas, Julio Eimard"]
[Result "1/2-1/2"]
[WhiteElo "1927"]
[BlackElo "1799"]
[EventDate "2019.07.05"]
[PlyCount "50"]
[EventRounds "11"]
[EventCountry "BRA"]

1.e4 c5 2.Nc3 a6 3.a4 Nc6 4.Nf3 d6 5.Bc4 e6 6.d4 cxd4 7.Nxd4 Nf6 8.Bb3 Be7
9.Be3 Bd7 10.O-O Rc8 11.f4 Na5 12.Ba2 Rxc3 13.bxc3 Nxe4 14.Qh5 O-O 15.Kh1 
Nxc3 16.Bb3 Bf6 17.f5 d5 18.fxe6 fxe6 19.Rae1 Nc6 20.Ne2 Nxe2 21.Qxe2 Na5 
22.Bf4 b5 23.axb5 Nxb3 24.cxb3 e5 25.bxa6 Qb6 1/2-1/2

[Event "XIV American Continental"]
[Site "Sao Paulo BRA"]
[Date "2019.07.11"]
[Round "9.78"]
[White "Cabral Mesquita, Jussier"]
[Black "Soares, Renan Barbosa Monteiro"]
[Result "0-1"]
[WhiteElo "1728"]
[BlackElo "1985"]
[EventDate "2019.07.05"]
[PlyCount "154"]
[EventRounds "11"]
[EventCountry "BRA"]

1.e4 c5 2.Nf3 d6 3.d4 cxd4 4.Nxd4 Nf6 5.Nc3 Nc6 6.f3 e6 7.Be3 a6 8.Be2 Bd7
9.Qd2 Be7 10.O-O-O b5 11.a3 O-O 12.Bg5 Rc8 13.Kb1 Ne5 14.Bxf6 Bxf6 15.Nb3 
Be7 16.f4 Nc4 17.Bxc4 Rxc4 18.Rhf1 Qb6 19.f5 b4 20.axb4 Qxb4 21.f6 Bxf6 
22.Rxf6 gxf6 23.Qh6 Rfc8 24.Rd3 Rxc3 25.Rxc3 Rxc3 26.bxc3 Qxc3 27.Qf4 Ba4 
28.Qxd6 Bxb3 29.Qb8+ Kg7 30.Qxb3 Qe1+ 31.Kb2 Qxe4 32.Qg3+ Kh6 33.Qh3+ Kg5 
34.Qg3+ Kf5 35.Qh3+ Ke5 36.Qh5+ f5 37.Qxf7 Qd4+ 38.Kb3 Qd5+ 39.c4 Qd3+ 40.
Kb4 a5+ 41.Kxa5 Qxc4 42.Qg7+ Kd5 43.Qd7+ Ke5 44.Qg7+ Kd6 45.Qf8+ Kd7 46.
Qf7+ Kc8 47.Qe8+ Kb7 48.Qh5 Qc3+ 49.Kb5 Qc6+ 50.Kb4 Qxg2 51.Qf7+ Kb8 52.
Qe8+ Ka7 53.Qxe6 Qb2+ 54.Kc5 Qc3+ 55.Qc4 Qe5+ 56.Qd5 Qe7+ 57.Kc4 Qe2+ 58.
Qd3 Qa2+ 59.Kd4 Qe6 60.Qa3+ Kb7 61.Qb4+ Kc7 62.Qc5+ Kd7 63.Qa7+ Kd6 64.
Qb6+ Kd7 65.Qb7+ Ke8 66.Qb8+ Kf7 67.Qc7+ Kg6 68.Qg3+ Kh6 69.Qh4+ Kg7 70.
Qg3+ Qg6 71.Qc7+ Kh6 72.Qc1+ Kh5 73.Ke5 Qg4 74.Qc2 Qg7+ 75.Ke6 f4 76.Qf5+ 
Qg5 77.Qxh7+ Qh6+ 0-1

[Event "XIV American Continental"]
[Site "Sao Paulo BRA"]
[Date "2019.07.11"]
[Round "9.79"]
[White "Correa, Jose Augusto"]
[Black "Pereira Vera, Henry Alberto"]
[Result "1/2-1/2"]
[WhiteElo "1911"]
[BlackElo "1790"]
[EventDate "2019.07.05"]
[PlyCount "121"]
[EventRounds "11"]
[EventCountry "BRA"]

1.c4 Nf6 2.Nc3 g6 3.g3 Bg7 4.Bg2 O-O 5.d4 c5 6.Nf3 cxd4 7.Nxd4 d6 8.O-O a6
9.b3 Qc7 10.Bb2 Nc6 11.Rc1 Bd7 12.Nd5 Qd8 13.Nxc6 Bxc6 14.Nxf6+ exf6 15.
Qd4 Qe7 16.e3 Qe5 17.Qd2 Qe6 18.Rfd1 Rfd8 19.Bd5 Qf5 20.Rc3 Bxd5 21.Qxd5 
Qxd5 22.Rxd5 f5 23.Rc2 Bxb2 24.Rxb2 Kf8 25.Rbd2 Ke7 26.Kf1 b6 27.Ke2 Rac8 
28.R5d4 Rc5 29.h3 Re5 30.Rd5 f6 31.R2d4 h5 32.Kd3 g5 33.b4 Rxd5 34.Rxd5 
Ke6 35.a4 h4 36.gxh4 gxh4 37.a5 b5 38.Rd4 bxc4+ 39.Rxc4 Rh8 40.Rc6 Rb8 41.
Kc4 Ra8 42.b5 axb5+ 43.Kxb5 Kd5 44.Rb6 f4 45.exf4 Ke4 46.Rxd6 f5 47.a6 
Kxf4 48.Kb6 Kf3 49.Kb7 Rh8 50.a7 Kxf2 51.a8=Q Rxa8 52.Kxa8 f4 53.Rg6 Ke3 
54.Kb7 f3 55.Kc6 f2 56.Rf6 Ke2 57.Kd5 f1=Q 58.Rxf1 Kxf1 59.Ke4 Kg2 60.Kf4 
Kxh3 61.Kf3 1/2-1/2

[Event "XIV American Continental"]
[Site "Sao Paulo BRA"]
[Date "2019.07.11"]
[Round "9.80"]
[White "Moyses Sobrinho, Elias"]
[Black "Jenidarchiche, Douglas Rodrigo"]
[Result "0-1"]
[WhiteElo "1906"]
[BlackElo "1754"]
[EventDate "2019.07.05"]
[PlyCount "83"]
[EventRounds "11"]
[EventCountry "BRA"]

1.e4 c5 2.Nf3 Nc6 3.d4 cxd4 4.Nxd4 g6 5.Be3 Bg7 6.Nxc6 bxc6 7.Bd4 Qa5+ 8.
c3 Bxd4 9.Qxd4 Nf6 10.e5 Nd5 11.e6 f6 12.exd7+ Bxd7 13.Nd2 e5 14.Qh4 O-O 
15.Bc4 Kg7 16.O-O Qb6 17.Bb3 Rad8 18.Nc4 Qc5 19.Rfe1 Nf4 20.Rad1 g5 21.Qg3
Be6 22.Qe3 Qxe3 23.Nxe3 Bxb3 24.axb3 Nd3 25.Re2 Rd7 26.Red2 Rfd8 27.f3 Kf7
28.Nc4 Ke6 29.g3 h5 30.b4 g4 31.fxg4 hxg4 32.Kf1 f5 33.Ke2 e4 34.Ne3 Rh8 
35.Rh1 Rdh7 36.Kd1 Rh3 37.Rg2 Ne5 38.Nf1 Nf3 39.b3 Ke5 40.Ra2 Rd8+ 41.Ke2 
Rh7 42.Rxa7 0-1

[Event "XIV American Continental"]
[Site "Sao Paulo BRA"]
[Date "2019.07.11"]
[Round "9.82"]
[White "Dos Santos, Matheus Garcett Souza"]
[Black "Azevedo, Eduardo Jose Estevao de"]
[Result "1-0"]
[WhiteElo "1874"]
[BlackElo "1738"]
[EventDate "2019.07.05"]
[PlyCount "115"]
[EventRounds "11"]
[EventCountry "BRA"]

1.e4 d6 2.d4 Nf6 3.Nc3 g6 4.f4 Bg7 5.Nf3 O-O 6.e5 Nfd7 7.Ne4 d5 8.Nf2 e6 
9.Bd3 c5 10.c3 b6 11.Qe2 a5 12.h4 Ba6 13.h5 Bxd3 14.Qxd3 f5 15.hxg6 hxg6 
16.Ng5 Re8 17.Nh7 Nf8 18.Nxf8 Rxf8 19.Be3 cxd4 20.Qxd4 Nc6 21.Qxb6 Qxb6 
22.Bxb6 Rfb8 23.Be3 Rxb2 24.O-O Rab8 25.Nd3 Re2 26.Rfe1 Rxe1+ 27.Rxe1 Bf8 
28.Kf2 Rb7 29.Rh1 Nd8 30.Rc1 Nc6 31.Ke2 Ba3 32.Rg1 Bf8 33.Kd2 Kf7 34.Kc2 
Rb5 35.a4 Rb8 36.Rh1 Bg7 37.Nc5 Rh8 38.Rxh8 Bxh8 39.Nb7 Bg7 40.Kd3 Bf8 41.
Ke2 Ke8 42.Bb6 Kd7 43.Nxa5 Nb8 44.Nb3 Kc6 45.Be3 Na6 46.Nd4+ Kd7 47.Nf3 
Be7 48.Bf2 Kc7 49.Bh4 Bc5 50.Bf2 Be7 51.Kd3 Bc5 52.Bd4 Be7 53.Kc2 Kb7 54.
Kb3 Nb8 55.Bf2 Kc7 56.a5 Nc6 57.Ka4 Kb7 58.Kb5 1-0

[Event "XIV American Continental"]
[Site "Sao Paulo BRA"]
[Date "2019.07.11"]
[Round "9.83"]
[White "Do Prado, Hamilton Mesquita"]
[Black "Torres, Eduardo Lisboa"]
[Result "0-1"]
[WhiteElo "1675"]
[BlackElo "1872"]
[EventDate "2019.07.05"]
[PlyCount "92"]
[EventRounds "11"]
[EventCountry "BRA"]

1.d4 d5 2.Bf4 Nf6 3.e3 g6 4.c3 Bg7 5.Nd2 O-O 6.Be2 Nbd7 7.h4 h6 8.g4 e5 9.
dxe5 Ne4 10.Ngf3 Re8 11.Qc2 Nxe5 12.Nxe5 Bxe5 13.Bxh6 Qf6 14.Nxe4 dxe4 15.
Bg5 Qc6 16.O-O-O Be6 17.Kb1 f6 18.Bh6 Rad8 19.Ka1 Rd5 20.Rxd5 Bxd5 21.f4 
Bd6 22.h5 Kh7 23.hxg6+ Kxg6 24.f5+ Kf7 25.g5 Rg8 26.g6+ Ke7 27.Bf4 Bxf4 
28.Rh7+ Ke8 29.exf4 e3 30.Bd3 Bf3 31.g7 Kf7 32.Qb3+ Bd5 33.c4 Rxg7 34.
Rxg7+ Kxg7 35.cxd5 Qc1+ 36.Bb1 e2 37.Qg3+ Kf8 38.Qh3 e1=Q 39.Qh8+ Ke7 40.
Qg7+ Ke8 41.Qg8+ Kd7 42.Qg7+ Kd6 43.Qxf6+ Kc5 44.Qf8+ Kb5 45.a4+ Ka5 46.
b4+ Qxb4 0-1